Sinh thái môi trường ứng dụng

שמור ב:
מידע ביבליוגרפי
מחבר ראשי: Lê, Huy Bá
פורמט: ספר
יצא לאור: TP. HCM Đại học quốc gia Thành phố Hồ Chí Minh 2015
תגים: הוספת תג
אין תגיות, היה/י הראשונ/ה לתייג את הרשומה!
Thư viện lưu trữ: Trung tâm Học liệu Lê Vũ Hùng, Trường Đại học Đồng Tháp
LEADER 00600pam a22001698a 4500
001 00037893
005 20171026081025.0
008 170514s2015 ||||||Viesd
041 0 # |a Vie 
082 1 4 |a 363.7  |b S312TH 
100 1 # |a Lê, Huy Bá 
245 1 0 |a Sinh thái môi trường ứng dụng  |c Lê Huy Bá, Lâm Minh Triết 
260 # # |a TP. HCM  |b Đại học quốc gia Thành phố Hồ Chí Minh  |c 2015 
300 # # |a 725tr.  |c 24 cm 
852 # # |b Kho đọc  |j KD.1000279 
910 |d 14/05/2017 
980 # # |a Trung tâm Học liệu Lê Vũ Hùng, Trường Đại học Đồng Tháp